000 00331nab a22001097u 4500
008 130520b1982 xxu||||| |||| 00| 0 spa d
041 _aspa
100 1 _aEvans, D.
_967238
245 0 0 _a¿Buena nueva sobre el sexo en la doctrina cristiana?
_cD. Evans
773 0 _tConcilium
_gV.2,1982,págs.349-357
_x0210-1041
_wRev134
942 _cAR
999 _c354852
_d354852